00399nam a2200157Ia 45000010006000000050017000060080041000230410008000640820015000721000024000872450069001112600009001803000036001896500008002256540008002331411020260306164850.0260306t2017||||xx |||||||||||||| ||spa|| aESP a006.6bS37 aSeller, GrahameAUT 0aVulkan programming guide:bthe official guide to learning Vulkan c2017 axxviii, 448 páginas :c23 cm. aGEN aCCC